| 000 | 00986nam a2200253Ia 4500 | ||
|---|---|---|---|
| 003 | OSt | ||
| 005 | 20220923220508.0 | ||
| 006 | a|||||r|||| 00| 0 | ||
| 007 | ta | ||
| 008 | 220922b |||||||| |||| 00| 0 hin d | ||
| 024 | _a186,976 | ||
| 037 | _cTextual | ||
| 040 |
_aARTS _cARTS _bhin |
||
| 041 |
_2hin _ahin |
||
| 082 | _aX6xM83, 152K7 | ||
| 100 | _aडिलर्ड, डडले | ||
| 245 | 0 | _aजान मैनार्ड कैन्ज का अर्थशास्त्र* मुद्रा अर्थव्यवस्था का सिद्वान्त, अनु ओमप्रकाश महाजन | |
| 246 | _aJān mainārḍa kainja kā arthashāstra: mudrā arthavyavasthā kā sidvānta, anu0 omaprakāsh hinājana | ||
| 260 | _c1967 | ||
| 300 |
_a366पृ. _ccm. |
||
| 650 | _aअर्थशास्त्र | ||
| 942 |
_hX6xM83, 152K7 _cTEXL _2CC |
||
| 999 |
_c340219 _d340219 |
||